|
|
|
|
| LEADER |
00000nam0a2200000 4500 |
| 001 |
216413 |
| 005 |
20231101230035.0 |
| 010 |
|
|
|a 0091903386
|
| 035 |
|
|
|a (RuTPU)RU\TPU\book\236383
|
| 090 |
|
|
|a 216413
|
| 100 |
|
|
|a 20120524d2005 m y0engy50 ba
|
| 101 |
0 |
|
|a eng
|
| 102 |
|
|
|a GB
|
| 105 |
|
|
|a a z 000zy
|
| 200 |
1 |
|
|a A Lifetime in A Rage
|f M. Pinsent
|
| 210 |
|
|
|a London
|c Ebury Press
|d 2005
|
| 215 |
|
|
|a 342 p.
|c il.
|
| 330 |
|
|
|a With his last-gasp victory as part of the Great British coxless four team at the Athens Olympics, Matthew Pinsent clinched an historic fourth Olympic Gold to add to the three already won with his legendary rowing partner Steve Redgrave.
|
| 606 |
1 |
|
|a Английский язык
|x Учебные руководства и пособия
|x Хрестоматии, книги для чтения
|2 stltpush
|3 (RuTPU)RU\TPU\subj\29075
|9 52487
|
| 610 |
1 |
|
|a автобиографическая проза
|
| 610 |
1 |
|
|a спорт
|
| 610 |
1 |
|
|a гребля
|
| 610 |
1 |
|
|a Олимпийские игры
|
| 610 |
1 |
|
|a биографии
|
| 686 |
|
|
|a Ш143.21-923.8
|v LBC/SL-A
|2 rubbk
|
| 700 |
|
1 |
|a Pinsent
|b M.
|g Matthew
|
| 801 |
|
1 |
|a RU
|b 63413507
|c 20120524
|
| 801 |
|
2 |
|a RU
|b 63413507
|c 20120601
|g RCR
|
| 942 |
|
|
|c BK
|